000 00831nam a2200241Ia 4500
003 GCL
008 140319s9999 xx 000 0 ara d
040 _aGCL /
_cGCL
082 0 4 _aق
_b953
_bا ب
100 1 _aالسيد عبدالعزيز سالم
245 1 0 _aبحوث اسلامية فى التاريخ والحضارة والاثار /
_cالسيد عبدالعزيز سالم
260 _a[S.N] :
_bدار الغرب الاسلامى ،
_c1991
300 _aمتعددة
490 _a
650 0 4 _aالحضارة
650 0 4 _aالتاريخ الاسلامى
650 0 4 _aالعمارة الاسلامية
650 0 4 _aالاثار الاسلامية
650 0 4 _aالبحوث الاسلامية
650 0 4 _aالحضارة الاسلامية
650 0 4 _aالفن الاسلامى
942 _2ddc
_cBK
999 _c52466
_d52466